000 00389nam a2200157 i 4500
001 bg
100 1 _aCURTIN, Denis P.
245 0 _aMicrosoft Word 4 :
_bprocedures manual /
_cD.P. Curtin.
260 _aEnglewood Cliffs,
_c1988.
630 0 9 _aWord
040 _cBPK
041 _apol
080 _a655.1/.3:681.322.06:519.682
942 _cKS
008 s pl f |000 0 pol
999 _c5466
_d5466
856 _uhttp://koha.tu.koszalin.pl/cgi-bin/koha/opac-detail.pl?biblionumber=5466
_yKatalog online BPK